| Tag |
First Indicator |
Second Indicator |
Subfields |
| LEADER |
00000pam a2200000 a 4500 |
| 001 |
in00000077787 |
| 005 |
20151008053842.0 |
| 008 |
800110s1980 cauaf b 10100 eng |
| 010 |
|
|
|a 80000463
|
| 020 |
|
|
|a 0936494018
|
| 035 |
|
|
|a (OCoLC)05946634
|
| 035 |
|
|
|9 AAH8852AM
|
| 040 |
|
|
|a DLC
|c DLC
|d TXA
|d UtOrBLW
|
| 043 |
|
|
|a n-us-ca
|
| 049 |
|
|
|a TXAM
|c [1560721]
|
| 050 |
0 |
0 |
|a QH105.C2
|b C35
|
| 082 |
0 |
|
|a 574.9794/9
|
| 245 |
0 |
4 |
|a The California Islands :
|b proceedings of a multidisciplinary symposium /
|c edited by Dennis M. Power.
|
| 264 |
|
1 |
|a Santa Barbara, Calif. :
|b Santa Barbara Museum of Natural History,
|c [1980]
|
| 264 |
|
4 |
|c ©1980
|
| 300 |
|
|
|a vii, 787 pages, 2 unnumbered folded leaves of plates :
|b illustrations (some color) ;
|c 23 cm.
|
| 336 |
|
|
|a text
|b txt
|2 rdacontent
|
| 337 |
|
|
|a unmediated
|b n
|2 rdamedia
|
| 338 |
|
|
|a volume
|b nc
|2 rdacarrier
|
| 500 |
|
|
|a Multidisciplinary Symposium on the California Islands held at the Museum on February 27 through March 1, 1978.
|
| 504 |
|
|
|a Includes bibliographies and index.
|
| 650 |
|
0 |
|a Island ecology
|z California.
|
| 650 |
|
0 |
|a Islands
|z California.
|
| 650 |
|
0 |
|a Natural history
|z California.
|
| 700 |
1 |
|
|a Power, Dennis M.
|
| 710 |
2 |
|
|a Santa Barbara Museum of Natural History.
|
| 711 |
2 |
|
|a Multidisciplinary Symposium on the California Islands
|d (1978 :
|c Santa Barbara Museum of Natural History)
|
| 999 |
|
|
|a MARS
|
| 999 |
f |
f |
|s abff9e8b-43e6-372f-aef0-73cf2c772645
|i ae084987-23f6-30b9-9ddf-1e437602fd93
|t 0
|
| 952 |
f |
f |
|p normal
|a Texas A&M University
|b College Station
|c Sterling C. Evans Library
|d Evans: Library Stacks
|t 0
|e QH105.C2 C35
|h Library of Congress classification
|i unmediated -- volume
|m A14806216135
|
| 998 |
f |
f |
|a QH105.C2 C35
|t 0
|l Evans: Library Stacks
|